<?xml version="1.0" encoding="UTF-8"?>
<record
    xmlns:xsi="http://www.w3.org/2001/XMLSchema-instance"
    xsi:schemaLocation="http://www.loc.gov/MARC21/slim http://www.loc.gov/standards/marcxml/schema/MARC21slim.xsd"
    xmlns="http://www.loc.gov/MARC21/slim">

  <leader>01723nam a2200289 i 4500</leader>
  <controlfield tag="001">183048</controlfield>
  <controlfield tag="003">ES-MaACL</controlfield>
  <controlfield tag="005">20250806063142.0</controlfield>
  <controlfield tag="008">140114s2011    sp a         |||| | spa d</controlfield>
  <datafield tag="017" ind1=" " ind2=" ">
    <subfield code="a">M 19286-2011 </subfield>
    <subfield code="b">Oficina Dep&#xF3;sito Legal Madrid </subfield>
  </datafield>
  <datafield tag="080" ind1=" " ind2=" ">
    <subfield code="a">377.6(460.27 M.):738(091) </subfield>
  </datafield>
  <datafield tag="100" ind1="1" ind2=" ">
    <subfield code="a">Anasagasti Lozano, Isabel</subfield>
    <subfield code="e">aut</subfield>
    <subfield code="9">154163</subfield>
  </datafield>
  <datafield tag="245" ind1="1" ind2="3">
    <subfield code="a">La Escuela de Cer&#xE1;mica de Madrid (1911-2011) / </subfield>
    <subfield code="c">[autora texto, Isabel Anasagasti Lozano]</subfield>
  </datafield>
  <datafield tag="260" ind1=" " ind2=" ">
    <subfield code="a">[Madrid] : </subfield>
    <subfield code="b">Comunidad de Madrid, Direcci&#xF3;n General de Educaci&#xF3;n Secundaria y Ense&#xF1;anzas Profesionales : </subfield>
    <subfield code="b">Ayuntamiento de Madrid, Direcci&#xF3;n General de Educaci&#xF3;n y Juventud, </subfield>
    <subfield code="c">[2011]</subfield>
  </datafield>
  <datafield tag="300" ind1=" " ind2=" ">
    <subfield code="a">53 p&#xE1;ginas : </subfield>
    <subfield code="b">ilustraciones (blanco y negro y color) ; </subfield>
    <subfield code="c">21 cm + </subfield>
    <subfield code="e">1 DVD-V&#xED;deo / autor, Miguel &#xC1;ngel Pe&#xF1;a Mar&#xED;</subfield>
  </datafield>
  <datafield tag="520" ind1=" " ind2=" ">
    <subfield code="a">Obra publicada con motivo del centenario de la fundaci&#xF3;n Escuela de Cer&#xE1;mica de Madrid, dentro de las actividades en memoria del fundador Francisco Alc&#xE1;ntara y en homenaje a los profesionales, docentes, artistas y t&#xE9;cnicos de una de las experiencias educativas, intelectuales y art&#xED;sticas m&#xE1;s innovadoras del siglo XX</subfield>
  </datafield>
  <datafield tag="610" ind1="2" ind2="4">
    <subfield code="a">Escuela de Cer&#xE1;mica de la Moncloa-</subfield>
    <subfield code="v">Historia</subfield>
    <subfield code="9">241586</subfield>
  </datafield>
  <datafield tag="610" ind1="2" ind2="4">
    <subfield code="a">Escuela de Arte Francisco Alc&#xE1;ntara-</subfield>
    <subfield code="v">Historia</subfield>
    <subfield code="9">154164</subfield>
  </datafield>
  <datafield tag="700" ind1="1" ind2=" ">
    <subfield code="9">241587</subfield>
    <subfield code="a">Pe&#xF1;a Mar&#xED;, Miguel &#xC1;ngel</subfield>
    <subfield code="e">clb</subfield>
  </datafield>
  <datafield tag="710" ind1="1" ind2=" ">
    <subfield code="a">Madrid (Comunidad Aut&#xF3;noma)</subfield>
    <subfield code="e">edt</subfield>
    <subfield code="9">5587</subfield>
  </datafield>
  <datafield tag="710" ind1="1" ind2=" ">
    <subfield code="a">Madrid. </subfield>
    <subfield code="b">Ayuntamiento </subfield>
    <subfield code="e">edt</subfield>
    <subfield code="9">234069</subfield>
  </datafield>
  <datafield tag="852" ind1=" " ind2=" ">
    <subfield code="a">ES-MaACL</subfield>
    <subfield code="b">R.149817</subfield>
    <subfield code="c">DEPO1</subfield>
    <subfield code="d">Olim: N-6008</subfield>
    <subfield code="h">Donaci&#xF3;n Comunidad de Madrid</subfield>
    <subfield code="j">A-12008</subfield>
    <subfield code="9">189981</subfield>
  </datafield>
  <datafield tag="852" ind1=" " ind2=" ">
    <subfield code="a">ES-MaACL</subfield>
    <subfield code="c">DEPO</subfield>
    <subfield code="h">Donaci&#xF3;n Comunidad de Madrid</subfield>
    <subfield code="j">ROT 2/7/17</subfield>
  </datafield>
  <datafield tag="942" ind1=" " ind2=" ">
    <subfield code="2">udc</subfield>
    <subfield code="c">MONOGRAFIA</subfield>
    <subfield code="n">0</subfield>
  </datafield>
  <datafield tag="999" ind1=" " ind2=" ">
    <subfield code="c">183048</subfield>
    <subfield code="d">183048</subfield>
  </datafield>
  <datafield tag="952" ind1=" " ind2=" ">
    <subfield code="0">0</subfield>
    <subfield code="1">0</subfield>
    <subfield code="2">udc</subfield>
    <subfield code="4">0</subfield>
    <subfield code="7">0</subfield>
    <subfield code="a">ATENEOM</subfield>
    <subfield code="b">ATENEOM</subfield>
    <subfield code="c">DEPO1</subfield>
    <subfield code="d">2014-01-14</subfield>
    <subfield code="e">DONACION</subfield>
    <subfield code="l">0</subfield>
    <subfield code="o">A-13008</subfield>
    <subfield code="p">1192387</subfield>
    <subfield code="r">2023-02-23 00:00:00</subfield>
    <subfield code="y">MONOGRAFIA</subfield>
  </datafield>
  <datafield tag="952" ind1=" " ind2=" ">
    <subfield code="0">0</subfield>
    <subfield code="1">0</subfield>
    <subfield code="2">udc</subfield>
    <subfield code="4">0</subfield>
    <subfield code="7">0</subfield>
    <subfield code="a">ATENEOM</subfield>
    <subfield code="b">ATENEOM</subfield>
    <subfield code="c">DEPO</subfield>
    <subfield code="d">2017-05-03</subfield>
    <subfield code="e">DONACION</subfield>
    <subfield code="l">0</subfield>
    <subfield code="o">ROT 2/7/17</subfield>
    <subfield code="p">1197510</subfield>
    <subfield code="r">2023-02-23 00:00:00</subfield>
    <subfield code="y">DVD</subfield>
  </datafield>
</record>
